[Event "Toronto Closed-A"]
[Site "Toronto CAN"]
[Date "2022.11.07"]
[Round "8"]
[White "Derraugh, Geordie"]
[Black "Gavrilin, Roman"]
[Result "0-1"]
[WhiteElo "2337"]
[BlackElo "2267"]
[PlyCount "108"]
[EventDate "2022.09.12"]
[EventType "tourn"]
[EventRounds "9"]
[EventCountry "CAN"]

1. e4 c5 2. Nf3 d6 3. d4 cxd4 4. Nxd4 Nf6 5. Nc3 a6 6. Be2 e5 7. Nb3 Be7 8. Be3
Be6 9. Nd5 Nbd7 10. Qd3 O-O 11. O-O Rc8 12. c4 b5 13. cxb5 axb5 14. f3 Bxd5 15.
exd5 Nb6 16. Bxb6 Qxb6+ 17. Kh1 b4 18. f4 e4 19. Qd2 Rc7 20. Rfd1 Rfc8 21. Nd4
Nxd5 22. Nf5 Nf6 23. Nxe7+ Rxe7 24. Qxd6 Qxd6 25. Rxd6 Rc2 26. Bb5 h5 27. b3
Ra7 28. Ba6 Rd7 29. Rxd7 Nxd7 30. Kg1 Nf6 31. Bb7 Kf8 32. Re1 Rc7 33. Ba8 h4
34. Kf1 Re7 35. Re2 Rc7 36. Ke1 Rc1+ 37. Kd2 Rh1 38. h3 Ra1 39. Ke3 Nh5 40. f5
Ng3 41. Rc2 Ke7 42. Kf4 Rf1+ 43. Kg4 Nxf5 44. Rc5 e3 45. Bf3 g6 46. Rc4 Nd6 47.
Rc2 Rf2 48. Rc1 Rxa2 49. Kxh4 Rb2 50. Bd5 Rd2 51. Bc6 Rd3 52. Rb1 Nf5+ 53. Kg4
Nd4 54. Bd5 e2 0-1

[Event "Toronto Closed-A"]
[Site "Toronto CAN"]
[Date "2022.11.07"]
[Round "8"]
[White "Gandolfi, Fred"]
[Black "Barron, Michael"]
[Result "0-1"]
[WhiteElo "2194"]
[BlackElo "2277"]
[PlyCount "78"]
[EventDate "2022.09.12"]
[EventType "tourn"]
[EventRounds "9"]
[EventCountry "CAN"]

1. d4 f5 2. c4 Nf6 3. Nc3 d6 4. g3 g6 5. Bg2 Bg7 6. Nf3 O-O 7. O-O c6 8. d5 e5
9. dxe6 Bxe6 10. b3 Na6 11. Bb2 d5 12. Ng5 Nc7 13. Nxe6 Nxe6 14. cxd5 Nxd5 15.
Qd2 Nxc3 16. Bxc3 Qxd2 17. Bxd2 Bxa1 18. Rxa1 Rad8 19. Be3 Nd4 20. Bh6 Nxe2+
21. Kf1 Rfe8 22. h4 Nc3 23. Bf3 Ne4 24. Re1 Kf7 25. Kg2 Nc3 26. Rc1 Ne2 27. Rc4
Nd4 28. Bd1 Re1 29. Bf3 Nxf3 30. Kxf3 Rd3+ 31. Be3 Ke6 32. Kf4 Re2 33. Ra4 a6
34. Bb6 Rdd2 35. Be3 Rxa2 36. Rd4 Reb2 37. b4 Ra4 38. Bd2 c5 39. Rd8 cxb4 0-1

[Event "Toronto Closed-A"]
[Site "Toronto CAN"]
[Date "2022.11.07"]
[Round "8"]
[White "Malakhovets, Sergey"]
[Black "Huang, Youhe"]
[Result "0-1"]
[WhiteElo "2198"]
[BlackElo "2232"]
[PlyCount "100"]
[EventDate "2022.09.12"]
[EventType "tourn"]
[EventRounds "9"]
[EventCountry "CAN"]

1. d4 Nf6 2. Nf3 e6 3. Bf4 c5 4. e3 cxd4 5. exd4 Be7 6. Nc3 O-O 7. Bd3 b6 8.
O-O Ba6 9. a4 Bxd3 10. Qxd3 Nc6 11. Ne2 Nb4 12. Qd2 Rc8 13. c3 Nbd5 14. Qd3
Nxf4 15. Nxf4 Qc7 16. Ne2 Qb7 17. Ng3 g6 18. Rfe1 d6 19. Nf1 Rfe8 20. N1d2 Bf8
21. Ne4 Nxe4 22. Rxe4 Bg7 23. Rae1 Re7 24. h4 Rec7 25. h5 Qd5 26. hxg6 hxg6 27.
Qb5 Rc4 28. Qd7 Qc6 29. Qe7 Re8 30. Qh4 Qxa4 31. Ng5 e5 32. dxe5 Rxe5 33. Rxc4
Rxe1+ 34. Kh2 Qd7 35. Re4 Rxe4 36. Qxe4 Bf6 37. Nf3 Kg7 38. Qa8 Qb5 39. Nd4
Be5+ 40. g3 Qxb2 41. Kg2 Qxc3 42. Nf3 a5 43. Qb7 Qb2 44. Ng5 Qb3 45. Qe4 Bf6
46. Nf3 a4 47. g4 a3 48. g5 Bb2 49. Qf4 a2 50. Nd4 Qd5+ 0-1

[Event "Toronto Closed-A"]
[Site "Toronto CAN"]
[Date "2022.11.07"]
[Round "8"]
[White "Rusonik, Max"]
[Black "Jaferian, Koosha"]
[Result "1/2-1/2"]
[WhiteElo "2279"]
[BlackElo "2355"]
[PlyCount "74"]
[EventDate "2022.09.12"]
[EventType "tourn"]
[EventRounds "9"]
[EventCountry "CAN"]

1. e4 c6 2. d4 d5 3. e5 Bf5 4. h4 h5 5. Bd3 Bxd3 6. Qxd3 Qa5+ 7. Nd2 e6 8. Ngf3
Nh6 9. O-O Nf5 10. c4 Be7 11. a4 Nxh4 12. Nxh4 Bxh4 13. b4 Qd8 14. b5 Be7 15.
Ba3 O-O 16. cxd5 cxd5 17. Rfc1 a6 18. Qc3 axb5 19. axb5 Bxa3 20. Rxa3 Rxa3 21.
Qxa3 Qb6 22. Qc5 Qa5 23. Nf3 Nd7 24. Qe7 Qxb5 25. Rc7 Qb1+ 26. Kh2 Nb8 27. Rxb7
Qc1 28. Rc7 Qf4+ 29. Kg1 Na6 30. Rd7 Qc1+ 31. Kh2 Qf4+ 32. Kg1 Qc1+ 33. Kh2
Qf4+ 34. Kh1 Qc1+ 35. Kh2 Qf4+ 36. Kh1 Qc1+ 37. Kh2 Qf4+ 1/2-1/2

[Event "Toronto Closed-A"]
[Site "Toronto CAN"]
[Date "2022.11.07"]
[Round "8"]
[White "Shih, Matthew"]
[Black "Plotkin, Victor"]
[Result "1-0"]
[WhiteElo "2165"]
[BlackElo "2414"]
[PlyCount "65"]
[EventDate "2022.09.12"]
[EventType "tourn"]
[EventRounds "9"]
[EventCountry "CAN"]

1. c4 Nf6 2. Nc3 e5 3. Nf3 Nc6 4. e3 Be7 5. d4 exd4 6. exd4 d5 7. cxd5 Nxd5 8.
Bb5 O-O 9. O-O Bg4 10. h3 Bh5 11. Re1 Bb4 12. Bxc6 bxc6 13. Qd3 Qd6 14. a3 Ba5
15. Ne5 Nxc3 16. bxc3 c5 17. d5 Rad8 18. Bb2 Rfe8 19. Nc6 Bb6 20. Nxd8 Rxd8 21.
c4 f6 22. Qf5 Bf7 23. Bc1 Bg6 24. Qf3 Qd7 25. Bf4 Qa4 26. Rac1 Ba5 27. Re7 Kf8
28. Qe3 Bd2 29. Qxc5 Bxf4 30. Rd7+ Bd6 31. Rxd8+ Ke7 32. Rxd6 cxd6 33. Qc7+ 1-0

[Event "Toronto Closed-A"]
[Site "Toronto CAN"]
[Date "2022.11.21"]
[Round "9"]
[White "Barron, Michael"]
[Black "Shih, Matthew"]
[Result "1-0"]
[WhiteElo "2277"]
[BlackElo "2165"]
[PlyCount "147"]
[EventDate "2022.09.12"]
[EventType "tourn"]
[EventRounds "9"]
[EventCountry "CAN"]

1. e4 c5 2. Nf3 d6 3. d4 cxd4 4. Nxd4 Nf6 5. f3 e5 6. Nb3 Be6 7. c4 Qc7 8. Na3
a6 9. Be3 Be7 10. Be2 O-O 11. O-O Nc6 12. Rc1 Nd7 13. g4 Nc5 14. Nb1 Nxb3 15.
Qxb3 b5 16. Qd1 b4 17. Qd3 g6 18. Nd2 a5 19. Kh1 Qd8 20. f4 exf4 21. Bxf4 Ne5
22. Qg3 Bh4 23. Qg2 Bg5 24. h3 Rc8 25. b3 Bxf4 26. Rxf4 Qb6 27. Qg1 Qc5 28. Rd1
Rfd8 29. Nf3 Nxf3 30. Rxf3 Qe5 31. Qd4 Kf8 32. Rfd3 Qxd4 33. Rxd4 Ke7 34. Kg2
Rc5 35. h4 h6 36. Kf3 Re5 37. Kf4 g5+ 38. hxg5 hxg5+ 39. Kf3 Rc5 40. Rh1 Ra8
41. Ke3 a4 42. Rd3 axb3 43. axb3 Rca5 44. Rh5 Re5 45. Bf3 Kd7 46. Kd4 Ke7 47.
Rd2 Ra3 48. Bd1 Ra8 49. Rh1 Rea5 50. Rdh2 Ra2 51. e5 dxe5+ 52. Kxe5 R2a5+ 53.
Ke4 Ra1 54. Bf3 R1a3 55. Rb2 Rd8 56. Rd1 Rh8 57. Kd4 Rc8 58. Rd3 Ra5 59. Re2
Kf6 60. Bd5 Rd8 61. Re5 Ra1 62. Rf3+ Kg6 63. Kc5 Bxg4 64. Bxf7+ Kh6 65. Rfe3
Ra7 66. Bd5 Bd1 67. Rh3+ Kg6 68. Be4+ Kf6 69. Rf5+ Kg7 70. Rxg5+ Kf6 71. Rf5+
Kg7 72. Rg3+ Kh8 73. Kxb4 Rb8+ 74. Rb5 1-0

[Event "Toronto Closed-A"]
[Site "Toronto CAN"]
[Date "2022.11.21"]
[Round "9"]
[White "Gavrilin, Roman"]
[Black "Malakhovets, Sergey"]
[Result "1/2-1/2"]
[WhiteElo "2267"]
[BlackElo "2198"]
[PlyCount "41"]
[EventDate "2022.09.12"]
[EventType "tourn"]
[EventRounds "9"]
[EventCountry "CAN"]

1. e4 c5 2. Nf3 Nc6 3. Nc3 g6 4. d4 cxd4 5. Nxd4 Bg7 6. Be3 Nf6 7. Bc4 O-O 8.
Bb3 Qa5 9. f3 d5 10. exd5 Nb4 11. Qd2 Rd8 12. O-O-O Nbxd5 13. Nxd5 Qxd2+ 14.
Rxd2 Nxd5 15. Nb5 Be6 16. Bxd5 Rxd5 17. Rxd5 Bxd5 18. Nc7 Rd8 19. Rd1 e6 20.
Nxd5 exd5 21. Bxa7 1/2-1/2

[Event "Toronto Closed-A"]
[Site "Toronto CAN"]
[Date "2022.11.21"]
[Round "9"]
[White "Huang, Youhe"]
[Black "Gandolfi, Fred"]
[Result "1-0"]
[WhiteElo "2232"]
[BlackElo "2194"]
[PlyCount "67"]
[EventDate "2022.09.12"]
[EventType "tourn"]
[EventRounds "9"]
[EventCountry "CAN"]

1. e4 c5 2. Nf3 Nc6 3. d4 cxd4 4. Nxd4 Nf6 5. Nc3 e6 6. Ndb5 d6 7. Bf4 e5 8.
Bg5 a6 9. Na3 b5 10. Bxf6 Qxf6 11. Nd5 Qd8 12. Bxb5 axb5 13. Nxb5 Be7 14. Nbc7+
Kf8 15. Nxa8 Qa5+ 16. Qd2 Qxa8 17. Nxe7 Kxe7 18. O-O Rd8 19. b4 Be6 20. a4 Nd4
21. c3 Nb3 22. Qg5+ f6 23. Qxg7+ Bf7 24. Rad1 Qxe4 25. Rfe1 Qa8 26. Qxh7 Qxa4
27. f4 Rd7 28. Qh4 Qc6 29. fxe5 dxe5 30. Rxe5+ Kf8 31. Qh8+ Bg8 32. Re8+ Kxe8
33. Qxg8+ Ke7 34. Re1+ 1-0

[Event "Toronto Closed-A"]
[Site "Toronto CAN"]
[Date "2022.11.21"]
[Round "9"]
[White "Jaferian, Koosha"]
[Black "Derraugh, Geordie"]
[Result "1/2-1/2"]
[WhiteElo "2355"]
[BlackElo "2337"]
[PlyCount "139"]
[EventDate "2022.09.12"]
[EventType "tourn"]
[EventRounds "9"]
[EventCountry "CAN"]

1. e4 c5 2. Nf3 e6 3. d4 cxd4 4. Nxd4 Nc6 5. Nc3 Qc7 6. Be3 a6 7. Qd2 Nf6 8.
O-O-O Be7 9. f3 b5 10. Nxc6 Qxc6 11. g4 b4 12. Ne2 d6 13. g5 Nd7 14. Qxb4 O-O
15. Nd4 Qc7 16. Qc4 Nc5 17. b4 d5 18. exd5 Qe5 19. Re1 exd5 20. Nc6 dxc4 21.
Nxe5 Ne6 22. Bxc4 Bxb4 23. Rd1 Ba3+ 24. Kd2 Bd6 25. Nc6 Re8 26. Ke2 Nf4+ 27.
Kf2 Nh3+ 28. Kg2 Bc7 29. Rhe1 Bf5 30. Nb4 Nf4+ 31. Bxf4 Bxf4 32. Rxe8+ Rxe8 33.
h4 h6 34. gxh6 a5 35. Nc6 gxh6 36. Rd8 Rxd8 37. Nxd8 Kf8 38. Bb3 Ke8 39. Nb7
Bc7 40. Nc5 Ke7 41. Ne4 Bxe4 42. fxe4 Kf6 43. Kf3 Bb6 44. h5 Ke7 45. Kf4 f6 46.
Kf5 Be3 47. c4 Bg5 48. c5 Kd7 49. Ba4+ Kc7 50. Ke6 Bh4 51. Bb5 Bg5 52. a4 Bh4
53. Kf7 Bg5 54. Kg6 Kd8 55. Bc4 Kc7 56. Bd5 Kd7 57. Kf5 Bh4 58. Kf4 Bg5+ 59.
Kf3 Kc7 60. Ke2 Bh4 61. Kd3 Bf2 62. Kc4 Be3 63. Kb5 Bd2 64. Kc4 Be3 65. Bf7 Bg5
66. Kd5 Be3 67. Be8 Bg5 68. e5 fxe5 69. Kxe5 Be3 70. c6 1/2-1/2

[Event "Toronto Closed-A"]
[Site "Toronto CAN"]
[Date "2022.11.21"]
[Round "9"]
[White "Plotkin, Victor"]
[Black "Rusonik, Max"]
[Result "1-0"]
[WhiteElo "2414"]
[BlackElo "2279"]
[PlyCount "81"]
[EventDate "2022.09.12"]
[EventType "tourn"]
[EventRounds "9"]
[EventCountry "CAN"]

1. d4 Nf6 2. Nf3 d5 3. c4 e6 4. Nc3 c5 5. cxd5 Nxd5 6. e4 Nxc3 7. bxc3 cxd4 8.
cxd4 Bb4+ 9. Bd2 Bxd2+ 10. Qxd2 O-O 11. Bc4 Nd7 12. O-O b6 13. d5 Nc5 14. Rfd1
Bb7 15. Qf4 Qf6 16. Qxf6 gxf6 17. dxe6 fxe6 18. Nd4 Kf7 19. Nxe6 Nxe6 20. Rd7+
Kg6 21. Rxb7 Nc5 22. Re7 Rad8 23. Bd5 f5 24. f3 fxe4 25. fxe4 Rd7 26. Rxd7 Nxd7
27. Be6 Nc5 28. Bf5+ Kg7 29. Rd1 Rf7 30. g4 Re7 31. Kg2 b5 32. Kf3 b4 33. g5 a5
34. h4 a4 35. h5 b3 36. h6+ Kf7 37. axb3 a3 38. Bxh7 Nxb3 39. g6+ Kf6 40. g7
Rxg7 41. e5+ 1-0

[Event "Toronto Closed-B"]
[Site "Toronto CAN"]
[Date "2022.09.12"]
[Round "1"]
[White "Douglas, Richard"]
[Black "Nazareno, Merlin"]
[Result "1-0"]
[WhiteElo "2017"]
[BlackElo "2009"]
[PlyCount "77"]
[EventDate "2022.09.12"]
[EventType "tourn"]
[EventRounds "9"]
[EventCountry "CAN"]

1. e4 Nc6 2. Nf3 f5 3. exf5 d5 4. d4 Bxf5 5. Bb5 Nf6 6. c4 dxc4 7. O-O Bd3 8.
Re1 a6 9. Bxc6+ bxc6 10. Qa4 Qd6 11. Bf4 Qxf4 12. Qxc6+ Kf7 13. Qxa8 Be4 14.
Ne5+ Qxe5 15. Qxf8+ Rxf8 16. dxe5 Bxb1 17. Raxb1 Nd5 18. Re4 Nb6 19. Rf4+ Ke8
20. Rxf8+ Kxf8 21. Rc1 Ke8 22. e6 Kd8 23. b3 cxb3 24. axb3 Kc8 25. Rc5 Kb7 26.
Rf5 Kc6 27. Rf7 Kd6 28. Rxg7 a5 29. Rxh7 c5 30. Kf1 Nd5 31. Rh4 Kc6 32. Ke2 Kb5
33. Rg4 Nb4 34. h4 Nc6 35. h5 Nd4+ 36. Rxd4 cxd4 37. h6 Kb4 38. h7 Kxb3 39.
h8=Q 1-0

[Event "Toronto Closed-B"]
[Site "Toronto CAN"]
[Date "2022.09.12"]
[Round "1"]
[White "Ning, Eric"]
[Black "Kim, Noah"]
[Result "1-0"]
[WhiteElo "2107"]
[BlackElo "2077"]
[PlyCount "41"]
[EventDate "2022.09.12"]
[EventType "tourn"]
[EventRounds "9"]
[EventCountry "CAN"]

1. d4 Nf6 2. c4 e6 3. Nf3 d5 4. Nc3 a6 5. cxd5 exd5 6. Bg5 Be6 7. e3 Nbd7 8.
Bd3 c6 9. Qc2 Bd6 10. a3 Qc7 11. Na4 h6 12. Bh4 O-O 13. Rc1 Rfc8 14. Nc5 Bg4
15. h3 Bxf3 16. gxf3 a5 17. Bf5 Re8 18. Rg1 Kf8 19. Nxd7+ Nxd7 20. Bxd7 Qxd7
21. Qh7 1-0

[Event "Toronto Closed-B"]
[Site "Toronto CAN"]
[Date "2022.09.12"]
[Round "1"]
[White "Southam, David"]
[Black "Fradkin, Benjamin"]
[Result "1/2-1/2"]
[WhiteElo "2110"]
[BlackElo "2033"]
[PlyCount "61"]
[EventDate "2022.09.12"]
[EventType "tourn"]
[EventRounds "9"]
[EventCountry "CAN"]

1. d4 d5 2. c4 c6 3. Nf3 Nf6 4. e3 Bf5 5. Nc3 e6 6. Nh4 Be4 7. f3 Bg6 8. Qb3
Qb6 9. Nxg6 hxg6 10. Bd2 Bd6 11. f4 Qxb3 12. axb3 Bb4 13. Bd3 Nbd7 14. Ke2 Bxc3
15. bxc3 Ne4 16. Bxe4 dxe4 17. c5 f5 18. c4 Kf7 19. Ra2 a6 20. h3 Rh5 21. b4 g5
22. b5 gxf4 23. exf4 cxb5 24. cxb5 Nf6 25. bxa6 bxa6 26. Rha1 Nd5 27. Rxa6 Rb8
28. Ra7+ Kf6 29. c6 Rb2 30. Rb7 Rc2 31. Raa7 1/2-1/2

[Event "Toronto Closed-B"]
[Site "Toronto CAN"]
[Date "2022.09.12"]
[Round "1"]
[White "Vinuya, Ruth Joy"]
[Black "Zheng, Victor"]
[Result "0-1"]
[WhiteElo "2014"]
[BlackElo "2139"]
[PlyCount "56"]
[EventDate "2022.09.12"]
[EventType "tourn"]
[EventRounds "9"]
[EventCountry "CAN"]

1. e4 d6 2. d4 Nf6 3. Nc3 g6 4. Bf4 Bg7 5. Qd2 O-O 6. f3 c6 7. O-O-O Qc7 8. Bh6
Nbd7 9. h4 b5 10. g4 Nb6 11. h5 e5 12. Bxg7 Kxg7 13. h6+ Kg8 14. dxe5 dxe5 15.
Qd6 Ne8 16. Qc5 Be6 17. Nh3 Nd7 18. Qe3 b4 19. Na4 Qa5 20. b3 f6 21. Rh2 Nc7
22. Rhd2 Rf7 23. Be2 Nb5 24. c3 Nxc3 25. Nxc3 bxc3 26. Rc2 Qa3+ 27. Kb1 Bxb3
28. axb3 Qxb3+ 0-1

[Event "Toronto Closed-B"]
[Site "Toronto CAN"]
[Date "2022.09.12"]
[Round "1"]
[White "Xu, Eddie"]
[Black "Oancea, Nicolae"]
[Result "1-0"]
[WhiteElo "2035"]
[BlackElo "2084"]
[PlyCount "87"]
[EventDate "2022.09.12"]
[EventType "tourn"]
[EventRounds "9"]
[EventCountry "CAN"]

1. d4 d5 2. c4 dxc4 3. Nf3 e6 4. e3 Nf6 5. Bxc4 a6 6. O-O b5 7. Bd3 Bb7 8. Qe2
c5 9. dxc5 Bxc5 10. Bxb5+ Nbd7 11. Ba4 O-O 12. Rd1 Qe7 13. Nc3 Rfc8 14. Bd2 Bd6
15. e4 Rc5 16. Bg5 Rb8 17. Qd2 Ne5 18. Bxf6 Nxf3+ 19. gxf3 Bxh2+ 20. Kxh2 Rh5+
21. Kg2 Qxf6 22. Qe3 a5 23. Bb5 a4 24. b3 a3 25. Bc4 g5 26. Rh1 Rxh1 27. Rxh1
Rc8 28. Nb5 Rd8 29. e5 Qf5 30. Kg3 Qg6 31. Nd6 Bd5 32. Bd3 f5 33. exf6 Qxf6 34.
Nc4 h6 35. Re1 h5 36. Be4 h4+ 37. Kh3 Kh8 38. Rg1 Rg8 39. Bxd5 Qf5+ 40. Rg4 Qb1
41. Qe5+ Rg7 42. Kh2 exd5 43. Rxg5 Qh7 44. Rh5 1-0

[Event "Toronto Closed-B"]
[Site "Toronto CAN"]
[Date "2022.09.19"]
[Round "2"]
[White "Fradkin, Benjamin"]
[Black "Zheng, Victor"]
[Result "1-0"]
[WhiteElo "2033"]
[BlackElo "2139"]
[PlyCount "53"]
[EventDate "2022.09.12"]
[EventType "tourn"]
[EventRounds "9"]
[EventCountry "CAN"]

1. d4 Nf6 2. Nf3 g6 3. c4 Bg7 4. Nc3 O-O 5. e4 d6 6. h3 Nc6 7. d5 Ne5 8. Bf4
Nfd7 9. Be2 Nxf3+ 10. Bxf3 Ne5 11. Be2 c5 12. O-O f5 13. Qd2 Rf7 14. Bh2 Qa5
15. f4 Nd7 16. exf5 gxf5 17. Bd3 Nb6 18. Qc2 e6 19. Rae1 Bd4+ 20. Kh1 exd5 21.
Re8+ Kg7 22. Rf3 h6 23. Rg3+ Kh7 24. Qe2 Bd7 25. Qh5 Rf6 26. Re7+ Kh8 27. Rg6
1-0

[Event "Toronto Closed-B"]
[Site "Toronto CAN"]
[Date "2022.09.19"]
[Round "2"]
[White "Kim, Noah"]
[Black "Vinuya, Ruth Joy"]
[Result "1/2-1/2"]
[WhiteElo "2077"]
[BlackElo "2014"]
[PlyCount "183"]
[EventDate "2022.09.12"]
[EventType "tourn"]
[EventRounds "9"]
[EventCountry "CAN"]

1. d4 Nf6 2. Nf3 g6 3. Nbd2 d5 4. b4 a5 5. b5 a4 6. Ba3 c6 7. e3 Bg7 8. Be2 O-O
9. O-O Bf5 10. Rc1 Nbd7 11. c4 Re8 12. cxd5 cxd5 13. Nh4 Ne4 14. Nxf5 gxf5 15.
Nf3 Bh6 16. g3 Kh8 17. Nh4 e6 18. Bf3 Ndf6 19. Bh5 Kg7 20. Bf3 Qa5 21. Qd3 Bg5
22. Rc2 Rac8 23. Bxe4 fxe4 24. Qd2 Qxb5 25. Ng2 Nd7 26. Rb2 Qa6 27. Rfb1 Rc7
28. h4 Bh6 29. Qd1 Rec8 30. Qg4+ Kh8 31. Rb5 Nf6 32. Qd1 Nd7 33. h5 b6 34. Kh2
Rc4 35. Be7 Re8 36. Bd6 Qc8 37. Qg4 Rg8 38. Qd1 Qc6 39. Bf4 Bf8 40. h6 f6 41.
Nh4 Bd6 42. Bxd6 Qxd6 43. Qd2 Rg4 44. Kh3 f5 45. R1b2 Rc8 46. Qb4 Qc7 47. Qd2
Rcg8 48. Qe1 Qd8 49. Ng2 Qg5 50. Nf4 Qxh6+ 51. Kg2 Qf6 52. Rxb6 Nxb6 53. Rxb6
Rxf4 54. exf4 Qxd4 55. Rxe6 a3 56. Qa5 Qd3 57. Rd6 Qf3+ 58. Kf1 Qd3+ 59. Kg2
Qf3+ 60. Kf1 Qh1+ 61. Ke2 Qf3+ 62. Ke1 Rc8 63. Rd8+ Rxd8 64. Qxd8+ Kg7 65. Qd7+
Kf6 66. Qd6+ Kg7 67. Qe7+ Kg8 68. Qg5+ Kh8 69. Qxf5 Qc3+ 70. Kf1 Qd3+ 71. Kg2
Kg8 72. Qc8+ Kg7 73. Qd7+ Kg8 74. Qe8+ Kg7 75. Qd7+ Kg8 76. Qe6+ Kg7 77. Qd7+
Kg8 78. Qe8+ Kg7 79. Qh5 d4 80. Qe5+ Kf7 81. Qd5+ Kg7 82. Kh3 e3 83. fxe3 Qxe3
84. Qg5+ Kf7 85. Qf5+ Kg7 86. Qg5+ Kf7 87. Qf5+ Kg7 88. Qg5+ Kf7 89. Qh5+ Kg7
90. Qg4+ Kf6 91. Qh4+ Kg7 92. Qg5+ 1/2-1/2

[Event "Toronto Closed-B"]
[Site "Toronto CAN"]
[Date "2022.09.19"]
[Round "2"]
[White "Nazareno, Merlin"]
[Black "Xu, Eddie"]
[Result "1/2-1/2"]
[WhiteElo "2077"]
[BlackElo "2014"]
[PlyCount "120"]
[EventDate "2022.09.12"]
[EventType "tourn"]
[EventRounds "9"]
[EventCountry "CAN"]

1. d4 d5 2. Nf3 Nf6 3. e3 c5 4. b3 cxd4 5. exd4 Nc6 6. a3 Bg4 7. Be2 e6 8. Bb2
Bd6 9. Nbd2 O-O 10. h3 Bh5 11. g4 Bg6 12. Ne5 Rc8 13. Rc1 Bxe5 14. dxe5 Nd7 15.
h4 h6 16. f4 f6 17. exf6 Nxf6 18. g5 hxg5 19. hxg5 Ne4 20. Nxe4 Bxe4 21. Rf1
Qd6 22. Qd2 e5 23. Bg4 Bf5 24. Bf3 e4 25. Be2 Rcd8 26. Bb5 Qc5 27. Bxc6 bxc6
28. Qd4 Qe7 29. b4 Rd7 30. Qe3 a5 31. Bd4 Rfd8 32. bxa5 Ra8 33. Qc3 Qe6 34. Rb1
e3 35. Rb6 Bh3 36. Rf3 Bg2 37. Qxe3 Qf7 38. Rf2 Re8 39. Be5 d4 40. Qd3 Bd5 41.
g6 Qe6 42. Rh2 Qg4 43. Qh3 Qxg6 44. Qh8+ Kf7 45. Qh5 Qxh5 46. Rxh5 Be4 47. Kd2
Ra8 48. a6 c5 49. f5 c4 50. Rg5 Rg8 51. Rbg6 Bxf5 52. Rxg7+ Rxg7 53. Rxg7+ Ke6
54. Rxd7 Kxd7 55. Bxd4 Kc7 56. Kc3 Kb8 57. a4 Ka8 58. Kb2 Kb8 59. c3 Bd3 60. a5
Be2 1/2-1/2

[Event "Toronto Closed-B"]
[Site "Toronto CAN"]
[Date "2022.09.19"]
[Round "2"]
[White "Oancea, Nicolae"]
[Black "Ning, Eric"]
[Result "1-0"]
[WhiteElo "2084"]
[BlackElo "2107"]
[PlyCount "105"]
[EventDate "2022.09.12"]
[EventType "tourn"]
[EventRounds "9"]
[EventCountry "CAN"]

1. e4 c5 2. Nf3 Nc6 3. Bb5 g6 4. c3 Bg7 5. d4 Qb6 6. Bxc6 bxc6 7. O-O Ba6 8.
Re1 Nf6 9. Qc2 cxd4 10. cxd4 O-O 11. Nc3 d6 12. h3 Nd7 13. Be3 Qc7 14. Nd5 Qd8
15. Qxc6 Nb6 16. Nxb6 axb6 17. Rac1 Rc8 18. Qd5 Qd7 19. Ne5 Qe6 20. Qxe6 fxe6
21. Nd7 Rfd8 22. Nxb6 Rxc1 23. Rxc1 Rb8 24. Na4 Rb4 25. b3 Bxd4 26. Bxd4 Rxd4
27. Nc3 Rd2 28. b4 Rb2 29. Rb1 Rc2 30. Rb3 Bc4 31. Ra3 Rb2 32. b5 Bxb5 33. Ra8+
Kf7 34. Rb8 Rc2 35. Nxb5 Rxa2 36. e5 dxe5 37. Rb7 Rd2 38. Rc7 h6 39. Kf1 Rd5
40. Nc3 Ra5 41. f3 g5 42. Ne4 Rd5 43. Kf2 Ra5 44. Kg3 Ra6 45. Rc5 Rb6 46. Rxe5
Rc6 47. Rc5 Rb6 48. Rc8 Rb5 49. Rc6 Re5 50. Kg4 Kg6 51. Rc8 Kg7 52. Kh5 Ra5 53.
Rc7 1-0

[Event "Toronto Closed-B"]
[Site "Toronto CAN"]
[Date "2022.09.19"]
[Round "2"]
[White "Southam, David"]
[Black "Douglas, Richard"]
[Result "1-0"]
[WhiteElo "2110"]
[BlackElo "2017"]
[PlyCount "109"]
[EventDate "2022.09.12"]
[EventType "tourn"]
[EventRounds "9"]
[EventCountry "CAN"]

1. d4 Nf6 2. c4 g6 3. Nc3 Bg7 4. e4 d6 5. f3 O-O 6. Bg5 c5 7. d5 e6 8. Qd2 exd5
9. cxd5 h6 10. Be3 a6 11. a4 Re8 12. Nge2 Nbd7 13. Nc1 Ne5 14. Be2 Bd7 15. O-O
g5 16. Rb1 Qa5 17. b3 b5 18. Nd3 Nxd3 19. Bxd3 Ng4 20. Ne2 Qxd2 21. Bxd2 Ne5
22. Bc2 bxa4 23. bxa4 Nc4 24. Bc1 Reb8 25. Rxb8+ Rxb8 26. f4 Rb4 27. fxg5 hxg5
28. Bxg5 Bxa4 29. Bxa4 Rxa4 30. Ng3 Be5 31. Nf5 f6 32. Bf4 Bxf4 33. Rxf4 Ra1+
34. Kf2 Ra2+ 35. Kg3 Ne5 36. h3 Nf7 37. Rg4+ Kf8 38. Rg6 c4 39. Rxf6 Ke8 40.
Nxd6+ Nxd6 41. Rxd6 c3 42. Rc6 c2 43. Kf4 a5 44. Ke5 c1=Q 45. Rxc1 Rxg2 46. Ra1
Rg3 47. Kd6 Rxh3 48. e5 Rb3 49. Rxa5 Rb6+ 50. Kc5 Rb1 51. Ra8+ Ke7 52. Ra7+ Kd8
53. e6 Rc1+ 54. Kd6 Kc8 55. Rh7 1-0

[Event "Toronto Closed-B"]
[Site "Toronto CAN"]
[Date "2022.09.26"]
[Round "3"]
[White "Douglas, Richard"]
[Black "Fradkin, Benjamin"]
[Result "0-1"]
[WhiteElo "2017"]
[BlackElo "2033"]
[PlyCount "98"]
[EventDate "2022.09.12"]
[EventType "tourn"]
[EventRounds "9"]
[EventCountry "CAN"]

1. f4 d5 2. Nf3 Nf6 3. e3 g6 4. Be2 Bg7 5. O-O O-O 6. Qe1 c5 7. d3 Nc6 8. Ne5
Ne8 9. Nxc6 bxc6 10. Bf3 Rb8 11. c3 e5 12. fxe5 Bxe5 13. d4 Bd6 14. e4 cxd4 15.
e5 Bc5 16. b4 Bb6 17. Kh1 Ba6 18. Be2 d3 19. Bf3 d2 20. Nxd2 Bxf1 21. Nxf1 Ng7
22. Ne3 h5 23. Nc2 c5 24. bxc5 Bxc5 25. Nd4 Bxd4 26. cxd4 Nf5 27. Ba3 Re8 28.
Bc5 Qd7 29. Qa5 Rb5 30. Qxa7 Qxa7 31. Bxa7 Ra8 32. Bc5 Rxa2 33. Re1 Rab2 34.
Kg1 Rd2 35. Bxd5 Nxd4 36. Bxd4 Rxd5 37. Be3 Rd1 38. Rxd1 Rxd1+ 39. Kf2 Rd5 40.
Bf4 Rd3 41. h4 Kf8 42. Be3 Ke7 43. g3 Ke6 44. Bf4 Kf5 45. Be3 Ke4 46. Bg5 Kxe5
47. Bf4+ Ke4 48. Ke2 Ra3 49. Kd2 Kf3 0-1

[Event "Toronto Closed-B"]
[Site "Toronto CAN"]
[Date "2022.09.26"]
[Round "3"]
[White "Ning, Eric"]
[Black "Nazareno, Merlin"]
[Result "1-0"]
[WhiteElo "2107"]
[BlackElo "2009"]
[PlyCount "103"]
[EventDate "2022.09.12"]
[EventType "tourn"]
[EventRounds "9"]
[EventCountry "CAN"]

1. d4 Nf6 2. c4 e5 3. dxe5 Ng4 4. Bf4 Qe7 5. Nf3 Qb4+ 6. Qd2 Qxc4 7. h3 Bb4 8.
Nc3 Bxc3 9. bxc3 Nh6 10. e3 Qc5 11. Bxh6 gxh6 12. Qd4 Qe7 13. e6 f6 14. exd7+
Bxd7 15. Qf4 Nc6 16. Qxc7 Qc5 17. Rc1 Qa3 18. Rd1 Qxc3+ 19. Nd2 Rc8 20. Qd6 Nb4
21. Be2 Rc6 22. Qb8+ Rc8 23. Qg3 Nd3+ 24. Kf1 f5 25. Nb1 Qb2 26. Bxd3 Rc1 27.
Rxc1 Qxc1+ 28. Ke2 Qxh1 29. Qe5+ Kf7 30. Qxh8 Qxg2 31. Qxh7+ Ke8 32. Qxh6 Qd5
33. Nc3 Qa5 34. Qh8+ Ke7 35. Qd4 Bc6 36. h4 f4 37. Qg7+ Ke8 38. Qg8+ Kd7 39.
Qf7+ Kd8 40. Qf6+ Kc7 41. Qxf4+ Kb6 42. Qd4+ Kc7 43. Qc4 Qh5+ 44. Kd2 a6 45.
Be2 Qa5 46. h5 b5 47. Qc5 Kb7 48. h6 Qd8+ 49. Qd4 Qe8 50. h7 b4 51. h8=Q bxc3+
52. Kxc3 1-0

[Event "Toronto Closed-B"]
[Site "Toronto CAN"]
[Date "2022.09.26"]
[Round "3"]
[White "Vinuya, Ruth Joy"]
[Black "Oancea, Nicolae"]
[Result "0-1"]
[WhiteElo "2014"]
[BlackElo "2084"]
[PlyCount "68"]
[EventDate "2022.09.12"]
[EventType "tourn"]
[EventRounds "9"]
[EventCountry "CAN"]

1. d4 Nf6 2. c4 e6 3. Nc3 Bb4 4. Qc2 b6 5. Bd2 Bb7 6. a3 Bxc3 7. Bxc3 O-O 8. b4
Be4 9. Qb3 d5 10. c5 c6 11. a4 Nbd7 12. e3 bxc5 13. dxc5 a5 14. f3 axb4 15.
Bxb4 Bg6 16. Bd3 Bxd3 17. Qxd3 Ne5 18. Qc3 d4 19. exd4 Nd5 20. Qd2 Nc4 21. Qa2
Nce3 22. Bd2 Qh4+ 23. Ke2 Qxd4 24. Nh3 Rfd8 25. a5 Qxc5 26. Rac1 Qb5+ 27. Kf2
Qd3 28. Rxc6 Qd4 29. Bxe3 Nxe3 30. Ke2 Qd3+ 31. Kf2 Nd1+ 32. Ke1 Nc3 33. Qb2
Qe3+ 34. Kf1 Rd2 0-1